| 000 | 01259nam a22002657a 4500 | ||
|---|---|---|---|
| 005 | 20220103142420.0 | ||
| 008 | 220103b ||||| |||| 00| 0 eng d | ||
| 020 | _a8125017216 | ||
| 040 | _cAL | ||
| 041 | _aeng | ||
| 082 |
_223 _a355.033 _bCHES |
||
| 100 |
_aBrahma Chellaney Ed _912292 |
||
| 245 | _aSecuring India's Future In The New Millennium | ||
| 260 |
_aHyderabad: _bOrient Longman, _c1999. |
||
| 300 |
_axxvi,612 p. _bHB _c22x14 cm. |
||
| 365 |
_b700.00 _c₹ _d700.00 |
||
| 520 | _aThe first comprehensive study of the different facets of India s national security, the book looks ahead at the challenges of the coming years. India s leading experts on strategic affairs, including seven advisers to the National Security Council examine the tasks that lie ahead. This book is designed to initiate a wider public debate on those challenges and opportunities and help India develop a strategic culture and an institutionalised, integrated approach to national security. | ||
| 650 |
_aMilitary Science _912286 |
||
| 650 |
_aLessons of History _912287 |
||
| 650 |
_aTechnology and Energy _912288 |
||
| 650 |
_aNon Military Instruments _912289 |
||
| 650 |
_aMilitary Power _912290 |
||
| 700 |
_aCHELLANEY (Brahma) Ed _912291 |
||
| 942 |
_2ddc _cGF |
||
| 999 |
_c221047 _d221047 |
||